000 06450cam a22018134i 4500
003 PE-LiUPU
005 20250813165517.0
008 180521s2007 mx a rb 00 0 spa d
020 _a9789682478109
035 _a(Sirsi) a242063
040 _aPE-LiUPU
_bspa
_cPE-LiUPU
_erda
049 _aPRUA
082 0 4 _a632.96
_bF43
_223
100 1 _aFerrera-Cerrato, Ronald,
_eautor.
245 1 0 _aMicrobiología agrícola :
_bhongos, bacterias, micro y macrofauna, control biológico y planta-microorganismo /
_cRonald Ferrera Cerrato.
250 _a1 edición.
264 1 _aMéxico :
_bTrillas,
_c2007.
300 _a568 páginas :
_bilustraciones ;
_c25 centímetros
336 _atext
_2rdacontent
337 _aunmediated
_2rdamedia
338 _avolume
_2rdacarrier
504 _aBibliografía : páginas 566-568.
505 0 _aSimbiosis -- Introducción -- Simbiosis entre virus y organismos -- Simbiosis entre bacterias y protistas -- Simbiosis entre microorganismos y animales -- Simbiosis entre áfidos -- Microbiota edáfica y su importancia en la agricultura -- Introducción -- Bacterias -- Actinomicetos -- Hongos -- Métodos de estudio -- Conclusiones -- Bibliografía -- Historia de la microbiología del suelo en México --Introducción -- Desarrollo inicial -- Impacto de la carrera de químico bacteriólogo parasitólogo en la formación de los primeros especialistas en microbiología del suelo en México -- Desarrollo de la microbiología del suelo en la Universidad Autónoma Chapingo -- Los hongos como componentes de la diversidad del suelo -- Introducción -- Diversidad taxonómica de los hongos en el suelo -- Importancia de los hongos en los procesos del suelo -- Distribución -- Conclusiones -- Micorriza arbuscular -- Definición -- Tipos de micorriza -- Reconocimiento y desarrollo de la simbiosis en el hospedero -- Aspectos fisiológicos relacionados en la simbiosis micorrízica -- Ecología de los hongos ectomicorrízicos -- Ecología fisiológica y simbiosis ectomicorrízica -- Bacterias -- Bacterias promotoras de crecimiento en plantas para propósitos agrícolas y ambientales -- Fijación simbiótica de nitrógeno en leguminosas -- La importancia de los manglares y su microbiología para el sostenimiento de las pesquerías costeras -- Micro y macrofauna -- Protozoarios del suelo -- Ácaros del suelo y su influencia en los procesos de descomposici+on -- Los termes y su papel en el ecosistema suelo -- Las lombrices de tierra en los sistemas agrícolas -- Contro biológico -- Enfermedades con origen en el suelo, control biológico y supresividad de suelos -- Mecanismos microbianos en el control biológico -- Microorganismos entomopatógenos para el contro de insectos plaga -- Microbiología ambiental -- Microorganismos como agentes de corrosión -- Lixiviación bacteriana -- Los hongos micorrízicos en suelos contaminados con elementos potencialmente tóxicos: mecanismos de tolerancia, relevancia ecológica y su uso en biorremediación -- Fitorremediación de suelos contaminados con compuestos orgánicos -- Microbiología del rumen -- Interacción planta-microorganismo.
526 _aP203
526 _aP200
526 _aSEG65
526 _aSEG64
526 _aSEG63
526 _aSEG62
526 _aSEG61
526 _aSEG60
526 _aSEG59
526 _aSEG58
526 _aSEG57
526 _aSEG56
526 _aSEG55
526 _aSEG54
526 _aSEG53
526 _aSEG52
526 _aSEG51
526 _aSEG50
526 _aSEG49
526 _aSEG48
526 _aSEG47
526 _aSEG46
526 _aSEG24
526 _aSEG23
526 _aSEG22
526 _aSEG21
526 _aSEG20
526 _aSEG19
526 _aSEG18
526 _aSEG17
526 _aSEG16
526 _aSEG14
526 _aSEG13
526 _aSEG12
526 _aSEG11
526 _aSEG10
526 _aSEG09
526 _aSEG06
526 _aSEG05
526 _aSEG04
526 _aSEG03
526 _aSEG02
526 _aSEG68
526 _aSEG66
526 _aSEG45
526 _aSEG25
526 _aSEG01
526 _aP163
526 _aP162
526 _aP161
526 _aP160
526 _aP159
526 _aP158
526 _aP157
526 _aP156
526 _aP155
526 _aP154
526 _aP153
526 _aP152
526 _aP151
526 _aP150
526 _aP149
526 _aP142
526 _aP141
526 _aP140
526 _aP139
526 _aP138
526 _aP137
526 _aP132
526 _aP131
526 _aP130
526 _aP126
526 _aP125
526 _aP124
526 _aP123
526 _aP115
526 _aP122
526 _aP121
526 _aP116
526 _a P114
526 _aP112
526 _aP111
526 _aP104
526 _aP103
526 _aP102
526 _aP101
526 _aP100
526 _aP96
526 _aP95
526 _aP93
526 _aP92
526 _aP91
526 _aP88
526 _aP83
526 _aP82
526 _aP79
526 _aP78
526 _aP75
526 _aP74
526 _aP71
526 _aP69
526 _a P51
526 _aP49
526 _aP48
526 _aP47
526 _aP33
526 _aP31
526 _a P30
526 _aP29
526 _aP27
526 _aP26
526 _aP25
526 _aP24
526 _a P22
526 _aP10
526 _aP09
526 _a P08
526 _aP06
526 _aP05
526 _aP04
526 _aP01
541 _g022-00000049;
650 0 4 _aBiología de los suelos.
650 0 4 _aSoil biology.
700 1 _aAlarcón,Alejandro,
_eeditor.
910 _adbm
_bwmm
_cwmm
_d20160821
596 _a1
942 _2ddc
_cBOOK
999 _a632.96 F43
_wDEWEY
_c27571
_i78553
_d27571
_e2019-8-21
_f2021-11-9
_g4
_lCCODEBUL1
_mBUL
_n4
_p41.97
_q1
_r0
_sY
_tBOOK
_u2018-5-21
_xINGENIERIA
_PP24
_0COMPRA
_1FCOMPRA
_o.STAFF. Colección Ingeniería y Arquitectura
999 _a632.96 F43
_wDEWEY
_c2
_i78554
_d2018-9-30
_e2018-9-30
_f2021-11-9
_g4
_lCCODEBUL1
_mBUL
_n1
_p41.97
_r0
_sY
_tBOOK
_u2018-5-21
_xINGENIERIA
_PP24
_0COMPRA
_o.STAFF. Colección Ingeniería y Arquitectura
980 _81
_gALBERTO SANCHEZ Responsable de Automatización